Master Visually Windows Mobile 2003 visual / (Record no. 11961)

000 -LEADER
fixed length control field 00686cam a22002057a 4500
020 ## - INTERNATIONAL STANDARD BOOK NUMBER
ISBN 0764558897 (pbk.) :
040 ## - CATALOGING SOURCE
Transcribing agency StDuBDS
082 04 - DEWEY DECIMAL CLASSIFICATION NUMBER
Classification number 005 WIL 2004 A006 Or.
100 1# - MAIN ENTRY--AUTHOR NAME
Personal name Landon, Bill.
245 10 - TITLE STATEMENT
Title Master Visually Windows Mobile 2003 visual /
260 ## - PUBLICATION, DISTRIBUTION, ETC. (IMPRINT)
Place of publication Hoboken, NJ :
Name of publisher Wiley, c2004.
300 ## - PHYSICAL DESCRIPTION
Number of Pages 313 p. :
Other physical details ill. ;
Dimensions 23 cm.
490 1# - SERIES STATEMENT
Series statement Read less - learn more
650 #0 - SUBJECT ADDED ENTRY--TOPICAL TERM
Topical Term Pocket computers.
700 1# - ADDED ENTRY--PERSONAL NAME
Personal name Miller, Matthew,
856 41 - ELECTRONIC LOCATION AND ACCESS
Uniform Resource Identifier http://www.loc.gov/catdir/toc/wiley051/2004103154.html
856 42 - ELECTRONIC LOCATION AND ACCESS
Uniform Resource Identifier http://www.loc.gov/catdir/enhancements/fy0619/2004103154-b.html
856 42 - ELECTRONIC LOCATION AND ACCESS
Uniform Resource Identifier http://www.loc.gov/catdir/enhancements/fy0619/2004103154-d.html
942 ## - ADDED ENTRY ELEMENTS (KOHA)
Koha item type សៀវភៅភាសាអង់គ្លេស
952 ## - LOCATION AND ITEM INFORMATION (KOHA)
Withdrawn status [LOCAL, KOHA] 0
Holdings
Permanent Location Date acquired Koha item type Lost status Shelving location Barcode Current Location Full call number
Library Block A2017-08-08សៀវភៅភាសាអង់គ្លេស A006A14554Library Block A005 WIL 2004 A006 Or.
មជ្ឈមណ្ឌលឯការនៃសាកលវិទ្យាល័យភូមិន្ទកសិកម្មចំការដូង

Powered by Koha